| 000 | 02530cam a22005054i 4500 | ||
|---|---|---|---|
| 003 | PE-LiUPU | ||
| 005 | 20250731173340.0 | ||
| 008 | 150706s2003 miu r 000 0 spa d | ||
| 020 | _a9780825415319 | ||
| 035 | _a(Sirsi) i9780825415319 | ||
| 040 |
_aPE-LiUPU _bspa _cPE-LiUPU _erda |
||
| 049 | _aPRUA | ||
| 082 | 0 | 4 |
_a231.7 _bM12 _221 |
| 100 | 1 |
_aMacArthur, John, _d1939- , _eautor. |
|
| 245 | 1 | 3 |
_aLa batalla por el comienzo : _bla creación, la evolución y la Biblia / _cJohn MacArthur. |
| 264 | 1 |
_aGrand rapids, Michigan : _bPortavoz, _c2003. |
|
| 300 |
_a284 páginas ; _c23 centímetros |
||
| 336 |
_atext _2rdacontent |
||
| 337 |
_aunmediated _2rdamedia |
||
| 338 |
_avolume _2rdacarrier |
||
| 505 | 0 | _aCreación: créalo o no: Génesis 1:1 -- ¿Cómo sucedió la creación? -- Luz en el día primero: Génesis 1:2-5 -- Él demarcó los fundamentos de la tierra: Génesis 1:6-13 -- Lumbreras en los cielos: Génesis 1:14-19 -- Abundancia de criaturas vivientes: Génesis 1:20-23 -- Bestias y animales que se arrastran: Génesis 1:24-25 -- El hombre a imagen de Dios: Génesis 1:26-31 -- El reposo de la creación: Génesis 2:1-3 -- El paraíso perdido: Génesis 3:1-24. | |
| 526 | _aSEG42 | ||
| 526 | _aSEG41 | ||
| 526 | _aSEG40 | ||
| 526 | _aSEG39 | ||
| 526 | _aP94 | ||
| 526 | _aP87 | ||
| 526 | _aP86 | ||
| 526 | _aP85 | ||
| 526 | _aP77 | ||
| 526 | _aP76 | ||
| 526 | _aP35 | ||
| 541 | _g001-0000464; | ||
| 541 | _g001-0020922; | ||
| 630 |
_aBiblia. _pA.T. _PG enesis I-III _xCrítica, interpretación, etc. |
||
| 650 | 0 | 4 | _aCreacionismo. |
| 910 |
_agl _bjv _cng _d20090910 |
||
| 942 |
_2ddc _cBOOK |
||
| 949 |
_a231.7 M12 _wDEWEY _c1 _i60653 _lCCODEBUL1 _mBUL _p11.00 _r0 _sY _tBOOK _u2015-7-6 _xTEOLOGIA _zUNKNOWN _0COMPRA _o.STAFF. Colección Teología |
||
| 949 |
_a231.7 M12 _wDEWEY _c2 _i60293 _d2016-10-28 _e2016-10-27 _lCCODEBUL1 _mBUL _n3 _p11.00 _r0 _sY _tBOOK _u2015-7-6 _xTEOLOGIA _zUNKNOWN _0COMPRA _o.STAFF. Colección Teología |
||
| 994 |
_aC0 _bPEPRU |
||
| 596 | _a1 | ||
| 999 |
_a231.7 M12 _wDEWEY _c49753 _i60653 _d49753 _e2018-4-4 _f2021-11-9 _g5 _lCCODEBUL1 _mBUL _n5 _p11.00 _q1 _r0 _sY _tBOOK _u2015-7-6 _xTEOLOGIA _PP35 _0COMPRA _o.STAFF. Colección Teología |
||
| 999 |
_a231.7 M12 _wDEWEY _c2 _i60293 _d2019-11-17 _e2019-11-15 _f2021-11-9 _g5 _lCCODEBUL1 _mBUL _n7 _p11.00 _r0 _sY _tBOOK _u2015-7-6 _xTEOLOGIA _PP35 _0COMPRA _o.STAFF. Colección Teología |
||
| 980 |
_81 _gALBERTO SANCHEZ Responsable de Automatización |
||